| 000 | 00478nam a2200157 a 4500 | ||
|---|---|---|---|
| 005 | 20140412111333.0 | ||
| 008 | 050418s19uu xx 00 eng d | ||
| 020 | _a971-08-3640-4 | ||
| 050 |
_aTR(GS 414 _bPh574 1981 |
||
| 100 | _aHernandez, Marc V. | ||
| 245 |
_aPhonics plus : _ba word study program, grade 3 / _cMarc V. Hernandez. |
||
| 260 |
_aManila : _bCacho Hermanos, Inc, _c1981. |
||
| 300 | _a96 p. ; ill. | ||
| 650 |
_aPhonology _xJuvenile literature |
||
| 999 |
_c104986 _d104986 |
||